Plaváreň Chrasť

Enregistré dans:
Détails bibliographiques
Auteur principal: Pitoňáková, Simona (Auteur)
Autres auteurs: Varga, Tibor (Directeur de thèse)
Format: Manuscrit Livre
Langue:slovaque
Publié: Bratislava 2023
Sujets:
Accès en ligne:http://is.stuba.sk/zp/portal_zp.pl?podrobnosti=170142
Tags: Ajouter un tag
Pas de tags, Soyez le premier à ajouter un tag!

MARC

LEADER 00000ntm a22000003a 4500
001 stuzp93782
003 SK-STU
005 20231005094427.9
007 ta
008 150427s2015----xo-----f-mn---000-0-slo-d
040 |a STU  |b slo 
041 0 |a slo 
100 1 |a Pitoňáková, Simona  |u 052120  |4 aut  |U FAD Fakulta architektúry a dizajnu  |T FAD Ústav ekologickej a experimentálnej architektúry  |X 93633  |U A2120  |Y 393  |7 93633 
242 0 1 |a Swimming pool Chrasť  |y eng 
245 1 0 |a Plaváreň Chrasť 
260 |c 2023  |a Bratislava 
650 4 |a šport  |2 slo 
650 4 |a wellness  |2 slo 
650 4 |a plaváreň  |2 slo 
650 4 |a drevo  |2 slo 
650 4 |a bublina  |2 slo 
650 4 |a wood  |2 eng 
650 4 |a bubble  |2 eng 
650 4 |a swimming pool  |2 eng 
650 4 |a wellness  |2 eng 
650 4 |a sport  |2 eng 
700 1 |a Varga, Tibor  |u 052120  |k Z1  |4 ths  |U FAD Fakulta architektúry a dizajnu  |T FAD Ústav ekologickej a experimentálnej architektúry  |X 337  |U A2120  |Y 393  |7 A000000337 
856 4 |u http://is.stuba.sk/zp/portal_zp.pl?podrobnosti=170142  |u https://opac.crzp.sk/?fn=detailBiblioForm&sid=1755732D0F093F437BA137EAC795